000 01372nam0a22003011 4500
001 rc\3647109
005 20130115145733.3
021 _aRU
_b[73-95484]
035 _a(NLR Aleph) 007831930
090 _a9746139
_c9746139
100 _a20130115d1973 |||y0rusy50 ca
101 0 _arus
102 _aRU
105 _aa z |||||
200 1 _aМоделирование и оптимизация проектирования приборов
_eУчеб. пособие
_f[Под общ. ред. канд. техн. наук, доц. В.Х. Бегларяна]
_gМ-во высш. и сред. спец. образования АрмССР. Ереван. политехн. ин-т им. К. Маркса
210 _aЕреван
_cБ. и.
_d1973
215 _a84 с.
_cчерт.
_d19
300 _aПеред загл. авт.: В.Х. Бегларян, Л.П. Буловская, А.С. Дураханян и др.
320 _aСписок лит.: с. 83-84 (17 назв.)
606 _aПриборы
_xПроектирование
_xМатематические методы
_2psbo
701 1 _aБуловская
_bЛ. П.
701 1 _aДураханян
_bА. С.
701 1 _aБегларян
_bВ. Х.
_gВардан Хосровович
_4340
801 0 _aRU
_bNLR
_gpsbo
801 1 _aRU
_bELAR
_2rusmarc
852 _aNLR
_j73-4/43187
942 _cBOOK
980 _aNB